000 01614nam0a2200349 4500
001 RU\NLR\bibl\1351906
005 20250615174053.0
010 _a978-5-904188-01-6
_bв пер.
_92000
021 _aRU
_b2009-7836
_9450
035 _a(nilc)RSL-KNO-004245154
035 _a(NLR Aleph) 001336984
090 _a836442
_c836442
100 _a20090225d2009 |||y0rusy50 ca
101 0 _arus
102 _aRU
105 _ay zzzz|||||
200 1 _aБудущее человечества
_eнаучный анализ и прогноз
_fЮ. Ю. Ермалавичюс
210 _aМосква
_c[б. и.]
_d2009
215 _a487 с.
_d22
320 _aБиблиогр. в тексте
606 1 _aВсеобщая история
_xПрогнозирование
_92429145
_3RU\NLR\auth\661446009
610 0 _aСоциология -- Социальные подсистемы -- Научное управление обществом -- Система и процесс управления. Управление как комплекс функций -- Социальное прогнозирование и планирование -- Социальное прогнозирование в системе научного управления обществом
686 _aC555.373.11,0
_2rubbk
686 _aТ3(0)63,02
700 1 _aЕрмалавичюс
_bЮ. Ю.
_gЮозас Юозович
_4070
801 0 _aRU
_bРКП
_c20090225
_grcr
801 1 _aRU
_bРГБ
_c20090225
801 2 _aRU
_bNLR
_c20090406
_grcr
830 _aавт. по кн.
942 _cBOOK
980 _aNB